000
00307nam a22001337a 4500
020
_a
0 85157 181 6
082
_a
020.994 BAL
100
_a
BISKUP, Peter
245
_a
AUSTRALIAN LIBRARIES
260
_a
LONDON
_b
CLIVE BINGLEY
_c
1966
300
_a
191P
_b
ill.;23CM
500
_a
Includes, index
942
_c
BK
999
_c
19142
_d
19142